| 000 | 00381nam a22001577a 4500 | ||
|---|---|---|---|
| 003 | CEME | ||
| 005 | 20210628203358.0 | ||
| 008 | 210115b xxu||||| |||| 00| 0 eng d | ||
| 040 | _cceme | ||
| 082 | _a355.95491 NAW | ||
| 100 |
_aNawaz, Shuja _965078 |
||
| 245 | _aCrossed swords, pakistan its army, and the wars within | ||
| 260 | _bOXFORD | ||
| 300 | _a655 | ||
| 942 |
_cBK _2ddc |
||
| 999 |
_c573396 _d573396 |
||